000 00579nam a22001817a 4500
003 CEME
005 20210628204019.0
008 210113b xxu||||| |||| 00| 0 eng d
020 _a9781845847766
040 _cceme
082 _a333.790973 MAH
100 _aMahdi, Ahmed
_968253
245 _aEnergy and us foreign policy , the quest for resource security after the cold war
260 _aNEW YORK
_bI.B.TAURIS PUBLISHRS
_c2012
300 _aVIII, 311P
650 _aUS ENERGY POLICY.US FOREIGN POLICY.FOREIGN ENERGY RESOURCES.ENERGY PROCUREMENT.
_968254
942 _cBK
_2ddc
999 _c575866
_d575866